[Event "BAN-chT2"]
[Site "Dhaka"]
[Date "2016.11.06"]
[Round "4.2"]
[White "Md Imamul, Haque"]
[Black "Md, Asadujjaman"]
[Result "0-1"]
[WhiteElo "1733"]
[BlackElo "1853"]
[PlyCount "90"]
[EventDate "2016.11.03"]
[EventType "team-swiss"]
[EventRounds "7"]
[EventCountry "BAN"]
[SourceTitle "CBM 175 Extra"]
[Source "ChessBase"]
[SourceDate "2016.12.12"]
[SourceVersion "1"]
[SourceVersionDate "2016.12.12"]
[SourceQuality "1"]
[WhiteTeam "BCF Sports"]
[BlackTeam "Bangladesh Police"]
[WhiteTeamCountry "BAN"]
[BlackTeamCountry "BAN"]

1. d4 Nf6 2. c4 d5 3. e3 e6 4. Nc3 Bb4 5. Qc2 c6 6. Nf3 Nbd7 7. Bd3 h6 8. a3 Ba5 9. 0-0 Bc7 10. cxd5 exd5 11. b4 a6 12. a4 0-0 13. Ba3 Bd6 14. a5 Re8 15. Na4 Rb8 16. Rfb1 Nf8 17. Nc5 Bg4 18. Be2 Ne4 19. Bb2 Ng6 20. h3 Bc8 21. Re1 Qf6 22. Nxe4 dxe4 23. Nd2 Qe7 24. Bc3 f5 25. Bh5 Qg5 26. Bxg6 Qxg6 27. f4 Be6 28. Kf2 Qf7 29. Rg1 Bd5 30. g4 Qf6 31. Kg3 g5 32. gxf5 Qxf5 33. Kh2 Kh8 34. Nc4 Bxc4 35. d5+ Kh7 36. dxc6 bxc6 37. h4 g4 38. Be5 Bd3 39. Qb3 Bxe5 40. fxe5 Qxe5+ 41. Kh1 Rg8 42. Qf7+ Rg7 43. Qb3 Be2 44. Rge1 Bf3+ 45. Kg1 Qg3+ 0-1